[Event "Cto Espana Primera"]
[Site "www.ajedrez21.com"]
[Date "2003.11.22"]
[Round "6.1"]
[White "Bologan"]
[Black "Rustemov"]
[Result "1-0"]
[WhiteElo "2673"]
[BlackElo "2602"]
[PlyCount "202"]
[EventDate "2003.??.??"]
[SourceDate "2003.01.01"]

1. e4 e6 2. d4 d5 3. Nc3 dxe4 4. Nxe4 Bd7 5. Nf3 Bc6 6. Bd3 Nd7 7. O-O Ngf6 8.
Ng3 Be7 9. Qe2 Bxf3 10. Qxf3 c6 11. b3 O-O 12. Bb2 a5 13. a3 Re8 14. Rfe1 Qc7
15. c4 Rad8 16. Re2 Nf8 17. Rae1 Ng6 18. Bc2 Rd7 19. Nf1 Red8 20. g3 Ne8 21.
Ne3 Bf6 22. h4 Bxd4 23. Nd5 cxd5 24. Bxd4 dxc4 25. Bb2 cxb3 26. Qxb3 Nf6 27.
Qf3 Qc6 28. Qxc6 bxc6 29. Rc1 Ne7 30. Ba4 h6 31. Rc4 Rc8 32. Rec2 Nfd5 33. Rc5
Ra7 34. Bd4 Ra6 35. f3 f6 36. Rb2 Rc7 37. Rb8+ Kf7 38. Rc2 Nf5 39. Bc5 Nde7 40.
Rcb2 Rd7 41. R8b7 Ke8 42. g4 Nd6 43. Rb8+ Kf7 44. Bxd6 Rxd6 45. R2b7 Rd4 46.
Bc2 c5 47. Bh7 f5 48. gxf5 exf5 49. Bg8+ Kf6 50. Rf8+ Ke5 51. Rxe7+ Kf4 52.
Rxg7 Rad6 53. Kg2 Rd2+ 54. Kh3 R2d3 55. Rg4+ Ke5 56. Re8+ Kf6 57. Rf4 Rd8 58.
Rxd8 Rxd8 59. Ba2 Ke5 60. Ra4 Rd2 61. f4+ Kf6 62. Bc4 Rc2 63. Bd5 Rc3+ 64. Kg2
Kg6 65. Bf3 Rc2+ 66. Kg3 c4 67. Rxa5 c3 68. Rc5 Rc1 69. a4 c2 70. Bg2 Ra1 71.
Rxc2 Rxa4 72. Rc6+ Kg7 73. Bf3 Ra3 74. Kf2 Ra2+ 75. Be2 Ra3 76. Rd6 Rh3 77. h5
Rh2+ 78. Ke3 Rh4 79. Bf3 Rh3 80. Rg6+ Kh7 81. Rf6 Rh2 82. Rxf5 Kg7 83. Ra5 Rb2
84. Be4 Rh2 85. Kd4 Kf6 86. Bg6 Rd2+ 87. Ke4 Rd6 88. Ra7 Re6+ 89. Kf3 Rb6 90.
Rf7+ Ke6 91. Kg4 Rb2 92. f5+ Ke5 93. Re7+ Kd6 94. Re6+ Kd5 95. Re3 Rb4+ 96. Kg3
Kd4 97. Re7 Kd5 98. f6 Kd6 99. Re3 Rb1 100. f7 Rf1 101. Re8 Kd5 1-0

[Event "Cto España Primera"]
[Site "www.ajedrez21.com"]
[Date "2003.11.22"]
[Round "6.2"]
[White "Nijboer(ALBOX)"]
[Black "Lopez(UGA)"]
[Result "1-0"]
[WhiteElo "2577"]
[BlackElo "2425"]
[PlyCount "51"]
[EventDate "2003.??.??"]
[SourceDate "2003.01.01"]

1. e4 e6 2. d4 d5 3. Nc3 Bb4 4. e5 c5 5. a3 Bxc3+ 6. bxc3 Ne7 7. Qg4 O-O 8. Bd3
f5 9. exf6 Rxf6 10. Bg5 Rf7 11. Qh5 g6 12. Qd1 Nbc6 13. Nf3 Qa5 14. Bd2 Qc7 15.
O-O e5 16. Ng5 Rg7 17. c4 cxd4 18. cxd5 Nxd5 19. Qf3 Nce7 20. Be4 Qc4 21. Qg3
Nf4 22. Bxf4 exf4 23. Qxf4 Bf5 24. Bxb7 Rf8 25. Qd6 Qxc2 26. Rae1 1-0

[Event "Cto España Primera"]
[Site "www.ajedrez21.com"]
[Date "2003.11.22"]
[Round "6.3"]
[White "Lacasa(UGA)"]
[Black "Comas(ALBOX)"]
[Result "*"]
[WhiteElo "2413"]
[BlackElo "2502"]
[PlyCount "69"]
[EventDate "2003.??.??"]
[SourceDate "2003.01.01"]

1. e4 c5 2. Nf3 e6 3. Nc3 a6 4. d4 cxd4 5. Nxd4 Qc7 6. Be2 Nc6 7. O-O Nf6 8.
Kh1 d6 9. f4 Be7 10. Be3 O-O 11. Qe1 Nxd4 12. Bxd4 b5 13. Qg3 Bb7 14. a3 Rae8
15. Rae1 Ba8 16. Bf3 Kh8 17. e5 dxe5 18. fxe5 Nd7 19. Bxa8 Rxa8 20. Ne4 Qxc2
21. Rf2 Qc4 22. Bc3 Nc5 23. Nd6 Bxd6 24. exd6 f6 25. Rf4 Qd3 26. Rf3 Qd5 27.
Qh4 e5 28. Rh3 h6 29. Rg3 Nd3 30. Rf1 Qxd6 31. Bd2 f5 32. Bxh6 gxh6 33. Rxd3
Qxd3 34. Qxh6+ Kg8 35. Qg6+ *

[Event "Cto España Primera"]
[Site "www.ajedrez21.com"]
[Date "2003.11.22"]
[Round "6.4"]
[White "Romero(ALBOX)"]
[Black "Rahal(UGA)"]
[Result "1-0"]
[WhiteElo "2544"]
[BlackElo "2403"]
[PlyCount "89"]
[EventDate "2003.??.??"]
[SourceDate "2003.01.01"]

1. c4 c5 2. Nf3 Nc6 3. d4 cxd4 4. Nxd4 g6 5. e4 Bg7 6. Nc2 d6 7. Be2 f5 8. exf5
Bxf5 9. O-O Nh6 10. Nc3 O-O 11. Bg5 Bd7 12. Nd5 Nf5 13. b4 h6 14. Bd2 Bxa1 15.
Qxa1 e6 16. Nf4 Kh7 17. b5 Nce7 18. Bd3 e5 19. Ne2 Rc8 20. Nc3 Be6 21. Na3 Nd4
22. Qe1 Bf5 23. Ne4 d5 24. cxd5 Nxd5 25. f3 Nf4 26. Bb1 Bxe4 27. Bxe4 Nxb5 28.
Nxb5 Qb6+ 29. Qe3 Qxb5 30. g3 Qc5 31. gxf4 Qxe3+ 32. Bxe3 exf4 33. Bxa7 Ra8 34.
Bc5 Rf7 35. Rb1 Ra5 36. Bb4 Rg5+ 37. Kf1 Rh5 38. Rb2 Rd7 39. a4 Kg8 40. Be1 Kf7
41. a5 Rc5 42. Rxb7 Rxb7 43. Bxb7 Rc1 44. a6 Ra1 45. Ke2 1-0

[Event "Cto España Primera"]
[Site "www.ajedrez21.com"]
[Date "2003.11.22"]
[Round "6.17"]
[White "de la Riva(ANDORRA))"]
[Black "Kogan(OLIVAR)"]
[Result "1-0"]
[WhiteElo "2556"]
[BlackElo "2578"]
[PlyCount "69"]
[EventDate "2003.??.??"]
[SourceDate "2003.01.01"]

1. e4 c5 2. Nf3 d6 3. d4 cxd4 4. Nxd4 Nf6 5. Nc3 Bd7 6. Bg5 Nc6 7. Qd2 Nxd4 8.
Qxd4 h6 9. Bxf6 gxf6 10. O-O-O Qa5 11. f4 Rc8 12. Kb1 Rg8 13. f5 h5 14. g3 h4
15. gxh4 Qc5 16. Qd2 b5 17. Bd3 a5 18. Nd5 b4 19. h5 Rh8 20. Rhg1 Bc6 21. Ba6
Rb8 22. Qe2 Bh6 23. Rg3 Kd7 24. Bc4 Rhg8 25. b3 a4 26. Qe1 Rgc8 27. Rgd3 Bb5
28. Rd4 axb3 29. cxb3 Bc6 30. Qh4 Bg5 31. Qg3 Rg8 32. Qd3 Ra8 33. Nxb4 Qa5 34.
Bxf7 Rgb8 35. Rxd6+ 1-0

[Event "Cto España Primera"]
[Site "www.ajedrez21.com"]
[Date "2003.11.22"]
[Round "6.18"]
[White "Gil Capape(OLIVAR)"]
[Black "Oms(ANDORRA)"]
[Result "*"]
[WhiteElo "2410"]
[BlackElo "2498"]
[PlyCount "102"]
[EventDate "2003.??.??"]
[SourceDate "2003.01.01"]

1. d4 d5 2. c4 c6 3. Nf3 Nf6 4. Nbd2 Bf5 5. g3 e6 6. Bg2 Nbd7 7. Nh4 dxc4 8.
Nxf5 exf5 9. O-O Nb6 10. e3 Be7 11. Qc2 Qd7 12. Nxc4 Nxc4 13. Qxc4 O-O 14. b3
Rfe8 15. Bb2 Nd5 16. a3 Bf8 17. Rfe1 g6 18. Re2 h5 19. Qd3 Rad8 20. b4 a6 21.
Rb1 Re7 22. Bc3 Rde8 23. Rc2 Re6 24. Bd2 Nf6 25. a4 Ne4 26. Be1 g5 27. b5 axb5
28. axb5 g4 29. bxc6 bxc6 30. Qb3 h4 31. Qb7 Qd5 32. Rbc1 h3 33. Bh1 Qb5 34.
Rb1 Qxb7 35. Rxb7 Ra8 36. Kf1 Ra1 37. Ke2 Ra6 38. Rb8 Kg7 39. Rb1 Be7 40. Rb3
Bf6 41. Rb4 Bg5 42. Rbc4 Kg6 43. Rc1 Ra2+ 44. R4c2 Ra6 45. Bb4 Bh6 46. Be1 Bg5
47. Rb1 Bf6 48. Rb4 Bg7 49. Rbc4 Bh6 50. Rc1 Ra2+ 51. R1c2 Ra6 *

[Event "Cto España Primera"]
[Site "www.ajedrez21.com"]
[Date "????.??.??"]
[Round "6.20"]
[White "Garcia Paolicchi, Raul"]
[Black "Fernandez Lopez, Felix"]
[Result "1/2-1/2"]
[WhiteElo "2273"]
[BlackElo "2290"]
[PlyCount "122"]
[EventDate "2003.??.??"]
[SourceDate "2003.01.01"]

1. c4 Nf6 2. Nf3 c6 3. Nc3 d5 4. e3 a6 5. a4 e6 6. Be2 c5 7. d4 dxc4 8. Bxc4
Nc6 9. O-O Be7 10. Qe2 O-O 11. Rd1 Qc7 12. dxc5 Bxc5 13. h3 h6 14. e4 e5 15.
Nd5 Nxd5 16. Bxd5 Nb4 17. Bb3 Qe7 18. Be3 Bxe3 19. Qxe3 a5 20. Rac1 Re8 21. Qc5
Qf6 22. Rd6 Qf4 23. Qe3 Qxe3 24. fxe3 Be6 25. Bxe6 Rxe6 26. Rxe6 fxe6 27. Nxe5
Na6 28. Kf2 Kf8 29. Ke2 Ke7 30. Rf1 Nc5 31. Rf7+ Kd6 32. Nc4+ Kc6 33. Nxa5+
Rxa5 34. b4 Rxa4 35. bxc5 g6 36. Kf3 Rc4 37. Re7 Rxc5 38. Rxe6+ Kc7 39. Rxg6 h5
40. g4 hxg4+ 41. Rxg4 b5 42. Rg1 b4 43. Rb1 Rb5 44. h4 Kd6 45. h5 Rxh5 46. Rxb4
Rh8 47. Rb6+ Ke5 48. Rb5+ Ke6 49. Rg5 Rf8+ 50. Ke2 Rd8 51. Rh5 Rd7 52. Rh8 Re7
53. Rf8 Rh7 54. Re8+ Kd7 55. Ra8 Ke6 56. Rf8 Ke7 57. Rf5 Ke6 58. Rd5 Ra7 59.
Kf3 Rf7+ 60. Rf5 Rxf5+ 61. exf5+ Kxf5 1/2-1/2

[Event "Cto España Primera"]
[Site "www.ajedrez21.com"]
[Date "????.??.??"]
[Round "6.9"]
[White "Perez, Rodney"]
[Black "Tiviakov, Sergei"]
[Result "0-1"]
[WhiteElo "2449"]
[BlackElo "2601"]
[PlyCount "64"]
[EventDate "2003.??.??"]
[SourceDate "2003.01.01"]

1. e4 c5 2. Nf3 Nc6 3. Bb5 d6 4. Bxc6+ bxc6 5. O-O Bg4 6. d3 Nf6 7. Nbd2 Nd7 8.
h3 Bh5 9. b3 e5 10. Qe1 Be7 11. Nh2 Nf8 12. Nc4 Ne6 13. Bd2 O-O 14. a3 Nd4 15.
Ra2 Be2 16. b4 cxb4 17. axb4 Bxf1 18. Nxf1 Qc7 19. c3 Ne6 20. Ra6 Qb7 21. Qa1
Nc7 22. Ra4 Nb5 23. Qa2 Bd8 24. Nfe3 Re8 25. Nf5 Qd7 26. Nce3 g6 27. c4 Nd4 28.
Nxd4 exd4 29. Nc2 d5 30. exd5 cxd5 31. c5 Re2 32. c6 Qf5 0-1

[Event "Cto España Primera"]
[Site "www.ajedrez21.com"]
[Date "????.??.??"]
[Round "6.10"]
[White "Andersson, Ulf"]
[Black "Suarez Pousa, Diego"]
[Result "1-0"]
[WhiteElo "2566"]
[BlackElo "2383"]
[PlyCount "61"]
[EventDate "2003.??.??"]
[SourceDate "2003.01.01"]

1. Nf3 Nf6 2. c4 e6 3. g3 d5 4. d4 Be7 5. Bg2 O-O 6. O-O dxc4 7. Qc2 a6 8. Qxc4
b5 9. Qc2 Bb7 10. Bg5 Nbd7 11. Bxf6 Nxf6 12. Nbd2 Rc8 13. Nb3 Be4 14. Qc1 Qd5
15. Rd1 Qh5 16. Qe3 c5 17. Nxc5 Rxc5 18. dxc5 Bxc5 19. Qf4 Ng4 20. e3 Bxf3 21.
Qxf3 Qxh2+ 22. Kf1 f5 23. Rac1 Qh6 24. Ke2 Bb6 25. Rd6 Ba7 26. Rxa6 Qf6 27. Rc2
Ne5 28. Qb7 Bxe3 29. Rxe6 Qg5 30. Rxe5 Bc1 31. Qe7 1-0

[Event "Cto España Primera"]
[Site "www.ajedrez21.com"]
[Date "????.??.??"]
[Round "6.11"]
[White "Paredes Galan, Angel"]
[Black "Cramling, Pia"]
[Result "0-1"]
[WhiteElo "2321"]
[BlackElo "2470"]
[PlyCount "80"]
[EventDate "2003.??.??"]
[SourceDate "2003.01.01"]

1. e4 c5 2. Nf3 e6 3. d4 cxd4 4. Nxd4 a6 5. Nc3 Qc7 6. g3 Bb4 7. Nde2 Nf6 8.
Bg2 Be7 9. O-O Nc6 10. Nf4 d6 11. Qe2 b5 12. a3 Bb7 13. Nh5 O-O 14. Bg5 Nxh5
15. Qxh5 Bxg5 16. Qxg5 Ne5 17. Rac1 Nc4 18. b3 h6 19. Qf4 e5 20. Qh4 Nd2 21.
Nd5 Bxd5 22. Rfd1 Be6 23. Rxd2 Bxb3 24. Rcd1 Be6 25. Rxd6 Qxc2 26. Qh5 Qc5 27.
Bh3 Bxh3 28. Qxh3 a5 29. g4 b4 30. a4 Qc2 31. Qe3 Ra6 32. R6d5 Qxa4 33. Qd3 Qc6
34. Qb3 Qg6 35. f3 Qb6+ 36. Kg2 a4 37. Qc4 b3 38. Rxe5 Ra5 39. Rxa5 Qxa5 40.
Rd5 Qa8 0-1

[Event "Cto España Primera"]
[Site "www.ajedrez21.com"]
[Date "????.??.??"]
[Round "6.12"]
[White "Martos Exposito, Francisco"]
[Black "Garcia Melgar, Pablo"]
[Result "0-1"]
[WhiteElo "2139"]
[BlackElo "2288"]
[PlyCount "76"]
[EventDate "2003.??.??"]
[SourceDate "2003.01.01"]

1. e4 c5 2. Nc3 Nc6 3. f4 e6 4. Nf3 d5 5. d3 Nf6 6. e5 Nd7 7. g3 b6 8. a4 Bb7
9. Bg2 Be7 10. O-O Qc7 11. Nb5 Qd8 12. c4 d4 13. Qe2 a6 14. Na3 Qc7 15. Bd2
O-O-O 16. Rfc1 h6 17. a5 bxa5 18. Nc2 Nb4 19. Nce1 Nb8 20. Ra3 N8c6 21. Rca1
Rhg8 22. h3 g5 23. Kh2 Rde8 24. b3 Bd8 25. Bxb4 axb4 26. Rxa6 Bxa6 27. Rxa6 Nb8
28. Ra8 gxf4 29. g4 Qb6 30. Nd2 Bc7 31. Nef3 h5 32. g5 h4 33. Ne4 Qb7 34. Qa2
Qb6 35. Qa4 Rd8 36. Nf6 Rh8 37. Kg1 Rhg8 38. Kf2 Rh8 {Irreproducible} 0-1

[Event "Cto España Primera"]
[Site "www.ajedrez21.com"]
[Date "????.??.??"]
[Round "6.13"]
[White "Cifuentes Parada, Roberto"]
[Black "Gaya Llodra, Juan"]
[Result "1-0"]
[WhiteElo "2501"]
[BlackElo "2246"]
[PlyCount "49"]
[EventDate "2003.??.??"]
[SourceDate "2003.01.01"]

1. d4 Nf6 2. c4 c6 3. Nc3 d5 4. cxd5 cxd5 5. Bf4 Nc6 6. e3 g6 7. Nf3 Bg7 8. h3
O-O 9. Bd3 Nh5 10. Bh2 f5 11. Rc1 Kh8 12. O-O f4 13. Qb3 e6 14. Ne2 fxe3 15.
fxe3 Bh6 16. Bb5 Na5 17. Qa3 Nc4 18. Bxc4 dxc4 19. g4 Qd5 20. Ne5 Bd7 21. Nxd7
Qe4 22. Be5+ Kg8 23. gxh5 Bxe3+ 24. Kh2 Rf3 25. Qe7 1-0

[Event "Cto España Primera"]
[Site "www.ajedrez21.com"]
[Date "????.??.??"]
[Round "6.14"]
[White "Pont Mullet, Antonio"]
[Black "Pablo Mari, Alejandro"]
[Result "1/2-1/2"]
[WhiteElo "2215"]
[BlackElo "2379"]
[PlyCount "59"]
[EventDate "2003.??.??"]
[SourceDate "2003.01.01"]

1. e4 c5 2. Nf3 d6 3. d4 cxd4 4. Nxd4 Nf6 5. f3 e5 6. Bb5+ Nbd7 7. Nf5 d5 8.
exd5 a6 9. Bxd7+ Qxd7 10. Ne3 b5 11. O-O Bb7 12. Re1 Bc5 13. Kh1 O-O 14. Nc3
Rac8 15. Ne4 Nxe4 16. fxe4 Bxe3 17. Bxe3 f5 18. exf5 Qxf5 19. Rf1 Qe4 20. Rxf8+
Rxf8 21. Qd3 Qxd3 22. cxd3 Bxd5 23. Kg1 Rc8 24. Rc1 Rxc1+ 25. Bxc1 Bxa2 26. b4
Bb1 27. Bb2 Bxd3 28. Bxe5 Kf7 29. h4 g6 30. Bc7 1/2-1/2

[Event "Cto España Primera"]
[Site "www.ajedrez21.com"]
[Date "????.??.??"]
[Round "6.15"]
[White "Pomes Marcet, Juan"]
[Black "Pons Morro, Pedro"]
[Result "1/2-1/2"]
[WhiteElo "2379"]
[BlackElo "2209"]
[PlyCount "51"]
[EventDate "2003.??.??"]
[SourceDate "2003.01.01"]

1. d4 d5 2. c4 e6 3. Nc3 c6 4. e4 dxe4 5. Nxe4 Nf6 6. Nxf6+ Qxf6 7. Nf3 Bb4+ 8.
Bd2 Bxd2+ 9. Qxd2 O-O 10. Bd3 Nd7 11. O-O c5 12. Bc2 cxd4 13. Qxd4 Qxd4 14.
Nxd4 Ne5 15. b3 Bd7 16. Be4 Rab8 17. Rfe1 Ng4 18. Nf3 Nf6 19. Ne5 Rfd8 20. Rad1
Nxe4 21. Nxd7 Nc3 22. Rd6 Rbc8 23. f3 Kh8 24. Ne5 Kg8 25. Nd7 Kh8 26. Ne5
1/2-1/2

[Event "Cto España Primera"]
[Site "www.ajedrez21.com"]
[Date "????.??.??"]
[Round "6.19"]
[White "Simonet Pons, Marc"]
[Black "Ramo Frontiñan, Cristobal"]
[Result "1/2-1/2"]
[WhiteElo "2334"]
[BlackElo "2317"]
[PlyCount "62"]
[EventDate "2003.??.??"]
[SourceDate "2003.01.01"]

1. d4 g6 2. c4 Bg7 3. e4 c6 4. Nc3 d6 5. Nf3 Bg4 6. Be2 Qb6 7. Na4 Qa5+ 8. Bd2
Qc7 9. Be3 Nf6 10. Nd2 Bxe2 11. Qxe2 O-O 12. O-O Na6 13. f3 c5 14. Nb3 b6 15.
Rac1 Rfc8 16. Nc3 cxd4 17. Nb5 Qb7 18. N3xd4 Nc5 19. Rfd1 Ncd7 20. Nc3 Ne5 21.
b3 a6 22. Nd5 Nc6 23. Nc2 Nd7 24. a4 Nc5 25. Rb1 Rab8 26. Nd4 Re8 27. Kh1 Rbd8
28. Nxc6 Qxc6 29. Bd4 Bxd4 30. Rxd4 Rb8 31. Nc3 Ne6 1/2-1/2

[Event "Cto España Primera"]
[Site "www.ajedrez21.com"]
[Date "????.??.??"]
[Round "6.21"]
[White "Gonzalez Diaz, Diego"]
[Black "Bernal Moro, Luis Javier"]
[Result "0-1"]
[WhiteElo "2286"]
[BlackElo "2410"]
[PlyCount "36"]
[EventDate "2003.??.??"]
[SourceDate "2003.01.01"]

1. e4 c5 2. Nf3 d6 3. d4 cxd4 4. Nxd4 Nf6 5. Nc3 a6 6. Be3 e5 7. Nb3 Be6 8. Qd2
Nbd7 9. O-O-O b5 10. f3 Be7 11. g4 O-O 12. h4 Nb6 13. Na5 Rc8 14. Nb7 Qc7 15.
Nxd6 Rcd8 16. Qf2 Na8 17. Nf5 Bxf5 18. gxf5 Qxc3 0-1

[Event "Cto España Primera"]
[Site "www.ajedrez21.com"]
[Date "????.??.??"]
[Round "6.22"]
[White "Alvarez Ibarra, Rafael"]
[Black "Del Barrio Gomez, Jesus"]
[Result "1/2-1/2"]
[WhiteElo "2421"]
[BlackElo "2306"]
[PlyCount "37"]
[EventDate "2003.??.??"]
[SourceDate "2003.01.01"]

1. d4 g6 2. e4 Bg7 3. Nf3 d6 4. Nc3 a6 5. Bd3 Nd7 6. a4 b6 7. O-O e6 8. Re1 Ne7
9. e5 O-O 10. Bf4 dxe5 11. Nxe5 Bb7 12. Be4 Bxe4 13. Nxe4 Nxe5 14. Bxe5 Nf5 15.
c3 Nd6 16. Bxg7 Kxg7 17. a5 Nxe4 18. Rxe4 Qd6 19. g3 1/2-1/2

[Event "Cto España Primera"]
[Site "www.ajedrez21.com"]
[Date "????.??.??"]
[Round "6.23"]
[White "Casares Cabanas, Carlos"]
[Black "Mate Adan, Jose"]
[Result "0-1"]
[WhiteElo "2173"]
[BlackElo "2188"]
[PlyCount "128"]
[EventDate "2003.??.??"]
[SourceDate "2003.01.01"]

1. e4 e5 2. Nf3 Nc6 3. Bc4 Nf6 4. d4 exd4 5. e5 Ne4 6. Bd5 Bb4+ 7. Nbd2 Nxd2 8.
Bxd2 Bxd2+ 9. Qxd2 O-O 10. O-O-O Qe7 11. Bxc6 dxc6 12. Qxd4 Be6 13. Kb1 Bd5 14.
Rd3 Rfe8 15. Re1 a5 16. Rde3 a4 17. a3 b5 18. Qh4 Qc5 19. Qb4 Qb6 20. Nh4 c5
21. Qg4 Be6 22. Nf5 g6 23. Nh6+ Kf8 24. Qh4 b4 25. axb4 Qxb4 26. Qxb4 cxb4 27.
h3 b3 28. Rc3 bxc2+ 29. Kxc2 Bb3+ 30. Kd2 Rad8+ 31. Rd3 Kg7 32. Ng4 Rb8 33. Kc1
Rb5 34. f4 Rc5+ 35. Rc3 Rxc3+ 36. bxc3 Rd8 37. Nf2 a3 38. Ne4 Rd3 39. Kb1 Rd5
40. Kc1 c5 41. Nd2 c4 42. Ne4 Rd3 43. Kb1 h5 44. h4 Kf8 45. Ka1 Ke8 46. Kb1 Ke7
47. Ka1 Ke6 48. Ng5+ Ke7 49. Ne4 Rd7 50. Nd6 f6 51. Nb5 Rd2 52. e6 Rxg2 53. Na7
Rd2 54. Nc6+ Ke8 55. Nd4 Rf2 56. e7 Rd2 57. f5 gxf5 58. Nxf5 Rd1+ 59. Rxd1 Bxd1
60. Nd6+ Kxe7 61. Nxc4 Be2 62. Ne3 Ke6 63. Ka2 f5 64. Ng2 Ke5 0-1

[Event "Cto España Primera"]
[Site "www.ajedrez21.com"]
[Date "????.??.??"]
[Round "6.24"]
[White "Rodriguez Amezqueta, Carlos"]
[Black "Gomez Lopez, Roberto"]
[Result "1/2-1/2"]
[WhiteElo "2056"]
[BlackElo "2094"]
[PlyCount "103"]
[EventDate "2003.??.??"]
[SourceDate "2003.01.01"]

1. d4 Nf6 2. Bg5 d5 3. Bxf6 exf6 4. e3 Bd6 5. g3 c6 6. Nd2 Be6 7. Bg2 Na6 8.
Ne2 Qd7 9. O-O f5 10. b3 g5 11. f4 g4 12. c4 Nc7 13. c5 Be7 14. b4 h5 15. a4
Kf8 16. Nc3 Kg7 17. Qb3 Rab8 18. Rfb1 h4 19. Qc2 hxg3 20. hxg3 a6 21. Qd3 Qe8
22. b5 Bd7 23. bxc6 Bxc6 24. Kf2 Qd7 25. Rh1 Kg6 26. Qc2 Rbe8 27. Rxh8 Rxh8 28.
Rh1 Rxh1 29. Bxh1 Ne8 30. Bg2 Nf6 31. Qd1 Qd8 32. Qb3 Ne4+ 33. Bxe4 fxe4 34.
Qd1 f5 35. Nb3 Qh8 36. Qg1 Bf6 37. a5 Kf7 38. Ke1 Ke6 39. Kd2 Qe8 40. Qh1 Bb5
41. Qh7 Bc6 42. Qc7 Qf8 43. Kc2 Qd8 44. Qh7 Qh8 45. Qxh8 Bxh8 46. Kb2 Bf6 47.
Ka3 Bd8 48. Kb4 Kf7 49. Nc1 Ke6 50. N1e2 Be8 51. Nc1 Bf7 52. N1e2 1/2-1/2

[Event "Cto España Primera"]
[Site "www.ajedrez21.com"]
[Date "????.??.??"]
[Round "6.25"]
[White "Garcia Castro, Pablo"]
[Black "Galego, Luis"]
[Result "1/2-1/2"]
[WhiteElo "2356"]
[BlackElo "2488"]
[PlyCount "37"]
[EventDate "2003.??.??"]
[SourceDate "2003.01.01"]

1. e4 c5 2. Nc3 a6 3. g3 b5 4. Bg2 Bb7 5. d3 Nf6 6. Nh3 e6 7. O-O b4 8. Ne2 d5
9. Nef4 dxe4 10. Ng5 Be7 11. Nxe4 Nxe4 12. dxe4 Qxd1 13. Rxd1 Nd7 14. h4 h6 15.
h5 O-O 16. a3 Nf6 17. Re1 bxa3 18. bxa3 c4 19. Rb1 {Irreproducible} 1/2-1/2

[Event "Cto España Primera"]
[Site "www.ajedrez21.com"]
[Date "????.??.??"]
[Round "6.26"]
[White "Herraiz Hidalgo, Herminio"]
[Black "Teijeiro Barros, Alberto"]
[Result "1-0"]
[WhiteElo "2499"]
[BlackElo "2174"]
[PlyCount "69"]
[EventDate "2003.??.??"]
[SourceDate "2003.01.01"]

1. Nf3 Nf6 2. c4 c5 3. Nc3 e6 4. g3 b6 5. Bg2 Bb7 6. O-O Be7 7. b3 O-O 8. Bb2
a6 9. e3 d6 10. d4 cxd4 11. Nxd4 Qc7 12. e4 Nc6 13. Rc1 Nxd4 14. Qxd4 Rab8 15.
Rfd1 Rfd8 16. h3 Ba8 17. Rd2 h6 18. Kh1 Bf8 19. f4 Rd7 20. Qe3 Rdd8 21. g4 Be7
22. Rcd1 b5 23. cxb5 axb5 24. g5 hxg5 25. fxg5 Nd7 26. Qg3 Ne5 27. Ne2 Bc6 28.
Nf4 Qb7 29. g6 Bf6 30. gxf7+ Qxf7 31. Rxd6 Rxd6 32. Rxd6 Bd7 33. Ne2 Qh5 34.
Rxd7 Nxd7 35. Bxf6 1-0

[Event "Cto España Primera"]
[Site "www.ajedrez21.com"]
[Date "????.??.??"]
[Round "6.27"]
[White "Martins, Hugo Fidalgo"]
[Black "Damaso, Rui"]
[Result "1/2-1/2"]
[WhiteElo "2101"]
[BlackElo "2460"]
[PlyCount "32"]
[EventDate "2003.??.??"]
[SourceDate "2003.01.01"]

1. e4 c5 2. Nf3 Nc6 3. d4 cxd4 4. Nxd4 Nf6 5. Nc3 d6 6. Be3 e5 7. Ndb5 a6 8.
Na3 b5 9. Nd5 Nxd5 10. exd5 Ne7 11. c4 Nf5 12. Bd2 e4 13. cxb5 e3 14. Qe2 Be7
15. Bxe3 Nxe3 16. Qxe3 O-O 1/2-1/2

[Event "Cto España Primera"]
[Site "www.ajedrez21.com"]
[Date "????.??.??"]
[Round "6.29"]
[White "Franco Alonso, Alejandro"]
[Black "Flear, Glenn"]
[Result "1/2-1/2"]
[WhiteElo "2383"]
[BlackElo "2516"]
[PlyCount "55"]
[EventDate "2003.??.??"]
[SourceDate "2003.01.01"]

1. d4 Nf6 2. c4 e6 3. g3 c5 4. Nf3 cxd4 5. Nxd4 Qb6 6. Bg2 Bc5 7. e3 Nc6 8. Nb3
Bb4+ 9. N3d2 d5 10. a3 Be7 11. O-O O-O 12. Nc3 Rd8 13. cxd5 exd5 14. Nb3 Bg4
15. f3 d4 16. Nxd4 Nxd4 17. exd4 Rxd4 18. Be3 Rxd1 19. Bxb6 Rxa1 20. Rxa1 axb6
21. fxg4 Bc5+ 22. Kh1 Nxg4 23. Bxb7 Rd8 24. Re1 Kf8 25. Bf3 Nf6 26. Kg2 Rd2+
27. Re2 Rxe2+ 28. Bxe2 1/2-1/2

[Event "Cto España Primera"]
[Site "www.ajedrez21.com"]
[Date "????.??.??"]
[Round "6.30"]
[White "Rodriguez Cespedes, Amador"]
[Black "Spitzer Isbert, Ramon"]
[Result "1/2-1/2"]
[WhiteElo "2482"]
[BlackElo "2129"]
[PlyCount "48"]
[EventDate "2003.??.??"]
[SourceDate "2003.01.01"]

1. e4 c5 2. Nf3 Nc6 3. d4 cxd4 4. Nxd4 Nf6 5. Nc3 e5 6. Ndb5 d6 7. Bg5 a6 8.
Na3 b5 9. Bxf6 gxf6 10. Nd5 f5 11. c3 Bg7 12. exf5 Bxf5 13. Nc2 O-O 14. Nce3
Be6 15. g3 Ne7 16. Bg2 Rb8 17. O-O Kh8 18. Nxe7 Qxe7 19. Bd5 f5 20. Bxe6 Qxe6
21. Qd5 Qg6 22. Rad1 f4 23. Ng2 Rbe8 24. Qxd6 Qh5 1/2-1/2

[Event "Cto España Primera"]
[Site "www.ajedrez21.com"]
[Date "????.??.??"]
[Round "6.32"]
[White "Gonzalez De La Torre, Santiago"]
[Black "Montolio Benedito, Cesar"]
[Result "1-0"]
[WhiteElo "2365"]
[BlackElo "2075"]
[PlyCount "71"]
[EventDate "2003.??.??"]
[SourceDate "2003.01.01"]

1. e4 e5 2. Nf3 Nc6 3. Bb5 a6 4. Bxc6 dxc6 5. O-O Bg4 6. h3 h5 7. d3 Qf6 8.
Nbd2 Bc5 9. Nc4 Bxf3 10. Qxf3 Qxf3 11. gxf3 f6 12. f4 exf4 13. Bxf4 O-O-O 14.
Be3 Be7 15. f4 Nh6 16. f5 Nf7 17. Kf2 Nd6 18. Nd2 Kd7 19. Rg1 Rh7 20. Nb3 Rg8
21. Nc5+ Kc8 22. Ne6 Nf7 23. Rg2 Nd8 24. Nf4 Kd7 25. Rag1 Ke8 26. d4 Kf7 27. c4
Re8 28. c5 Bf8 29. Kf3 Re7 30. Bd2 Rd7 31. Bc3 Re7 32. b4 Rd7 33. e5 Re7 34.
e6+ Kg8 35. d5 cxd5 36. Nxd5 1-0